Linear Systems over Commutative Rings /
में बचाया:
| मुख्य लेखक: | |
|---|---|
| अन्य लेखक: | , |
| स्वरूप: | Sách giấy |
| भाषा: | English |
| प्रकाशित: |
New York :
Marcel Dekker ,
1986
|
| टैग : |
टैग जोड़ें
कोई टैग नहीं, इस रिकॉर्ड को टैग करने वाले पहले व्यक्ति बनें!
|
| Thư viện lưu trữ: | Thư viện Trường Đại học Đà Lạt |
|---|
| LEADER | 00668nam a2200265 4500 | ||
|---|---|---|---|
| 001 | DLU020011309 | ||
| 005 | ##1/5/2000 | ||
| 041 | # | # | |a eng |
| 082 | # | # | |a 512.4 |b BR-J |
| 090 | # | # | |a 512.4 |b BR-J |
| 100 | # | # | |a Brewer, James W. |
| 245 | # | # | |a Linear Systems over Commutative Rings / |c Brewer James W., Bunce John W., Vleck F. S. Van |
| 260 | # | # | |a New York : |b Marcel Dekker , |c 1986 |
| 300 | # | # | |a VIII, 199 tr.; |c 25 cm. |
| 700 | # | # | |a Bunce, John W. |
| 700 | # | # | |a Vleck, F. S. Van |
| 992 | # | # | |a 8000 |
| 994 | # | # | |a DLU |
| 900 | # | # | |a False |
| 911 | # | # | |a Administrator |
| 925 | # | # | |a G |
| 926 | # | # | |a A |
| 927 | # | # | |a SH |
| 980 | # | # | |a Thư viện Trường Đại học Đà Lạt |